El eco de los pasos
Spremljeno u:
| Glavni autor: | |
|---|---|
| Format: | Knjiga |
| Jezik: | Undetermined |
| Izdano: |
Desamparados, Costa Rica
Mesén Editores
1979
|
| Teme: | |
| Oznake: |
Dodaj oznaku
Bez oznaka, Budi prvi tko označuje ovaj zapis!
|
MARC
| LEADER | 00000nam a2200000Ia 4500 | ||
|---|---|---|---|
| 008 | 170316s9999 xx 000 0 und d | ||
| 040 | |a cru BVZT | ||
| 090 | |a 868 P-8e | ||
| 100 | |a Pinto, Julieta | ||
| 245 | |a El eco de los pasos | ||
| 260 | |a Desamparados, Costa Rica | ||
| 260 | |b Mesén Editores | ||
| 260 | |c 1979 | ||
| 300 | |a 106 páginas | ||
| 650 | |a LITERATURA COSTARRICENSE | ||
| 650 | |a NOVELA | ||
| 999 | |c 11447 |d 11447 | ||
| 942 | |c 15 D |h 868 P-8e |2 z | ||
